zpět

Detail výsledku týmu

Café Hostel, České Budějovice

Datum a čas kvízu

28.5 Celkem bodů Celkový počet nahraných bodů na tomto kvízu bez doplňovacích otázek.
5. Pořadí na kvízu Konečné umístění týmu na tomto kvízu.

Zaznamenané odpovědi

# Otázka Odpověď Body Výsledky
1. Bourání dálničního mostu, kter... Hradec Králové, D11 0
2. Ve které africké zemi, oblíben... v Tunisku 1
3. Prvok, Šampón, Tečka a Karel j... Patrik Hartl 0
4. V pátek byl v Praze otevřen ob... Zákazníci si zboží vybírají virtuálně. 0
5. Jak se jmenuje první český oly... Lukáš Rohan, stříbro 1
6. V tomto tématu se zaměříme na... Daniela Drtinová 1
7. V populaci se jako druhé nejča... obsedantně kompulzivní 1
8. Lék ze skupiny benzodiazepinů... Xanax 1
9. Depresivní poruchou trpí známý... Jim Carrey 1
10. Lithium se používá v psychiatr... 1991 (Uznáváme 1989–93.) 1